| 000 | 00994cam a22003015a 4500 | ||
|---|---|---|---|
| 999 |
_c25996 _d25968 |
||
| 001 | 3507908 | ||
| 003 | EG-ScBUE | ||
| 005 | 20200920110414.0 | ||
| 008 | 951122t1996 enka f e 000 0 eng d | ||
| 020 | _a0632040564 | ||
| 020 | _a9780632040568 | ||
| 040 |
_aDLC _beng _erda _cDLC _dDLC _dEG-ScBUE |
||
| 082 | 0 | 4 |
_a696.1 _bTRE _222 |
| 100 | 1 |
_aTreloar, Roy, _eauthor. |
|
| 245 | 1 | 0 |
_aPlumbing encyclopaedia / _cR. D. Treloar, section head, Mechanical Services Colchester Institute. |
| 250 | _aSecond edition. | ||
| 264 | 1 |
_aOxford : _bBlackwell Science Ltd, _c[1996] |
|
| 264 | 4 | _cc1996 | |
| 300 |
_avi, 568 pages : _billustrations ; _c24 cm |
||
| 336 |
_2rdacontent _atext _btxt |
||
| 337 |
_2rdamedia _aunmediated _bn |
||
| 338 |
_2rdacarrier _avolume _bnc |
||
| 500 | _aRev. ed. of: Mechanical engineering services, a plumbing encyclopedia. 1989. | ||
| 650 | 7 |
_aPlumbing _xEncyclopedias. _2BUEsh _923409 |
|
| 653 |
_bGGEN _cJanuary2018 |
||
| 655 |
_vReading book _934232 |
||
| 942 |
_2ddc _cBB |
||